Edvard Munch
| Main Author: | |
|---|---|
| Format: | Book |
| Published: |
London :
Thames and Hudson ,
1972
|
| Subjects: |
MARC
| LEADER | 00000cam a2200000 7i4500 | ||
|---|---|---|---|
| 001 | 0000034708 | ||
| 002 | 000037516 | ||
| 005 | 20000331.0 | ||
| 020 | |a 0500201226 | ||
| 090 | 0 | 0 | |a 750.118 |b HOD |
| 100 | 1 | |a Hodin, J.P | |
| 245 | 1 | 0 | |a Edvard Munch |c J.P.Hodin |
| 260 | |a London : |b Thames and Hudson , |c 1972 | ||
| 300 | |a 216 p. : |b ill. ; |c 21 cm. | ||
| 650 | 0 | 0 | |a Art appreciation |
| 650 | 0 | 0 | |a Painting |x Appreciation |
| 999 | |a 0008574 |b BUKU |c PINJAMAN |e PERPUSTAKAAN KOMUNITI PETALING JAYA | ||